000 01022nam a22003137a 4500
003 CHAP
005 20230607094733.0
008 971013s r 00010 d
010 _a33836
011 _a34808
035 _a38924
040 _cCHAP
090 _aR-3504
100 0 0 _aArcher, Steve.
_96792
245 _aMechanisms of shrubland expansion, land use, climate or CO2?
500 _aSobretiro de Climatic Change 29:91-99, 1995
590 _aBATCH-UPD
_b10
_c20130110
_lUCH01
_h0238
590 _aBATCH-UPD
_b10
_c20130110
_lUCH01
_h1228
590 _aBATCH-UPD
_b10
_c20130409
_lUCH01
_h2303
590 _aBATCH-UPD
_b10
_c20130410
_lUCH01
_h1518
590 _aBATCH-UPD
_b10
_c20130914
_lUCH01
_h0638
590 _aCONVERSION
_b10
_c20130109
_lUCH01
_h1319
650 1 4 _aAire
_xContaminacion
_xEfecto en plantas.
_93144
650 1 4 _aArbustos
_xCrecimiento.
_96721
650 1 7 _aDióxido de carbono
_xEfecto en plantas
_2
_912848
901 _aBK
942 _cREIMP
949 _aR-3504
_bBC
_cR
_d-88991
_eTS1
_i38924
_si
999 _c33836
_d33836